Hacia la construccion del desarrollo agropecuario y agroindustrialde la faya al noa/
Guardado en:
| Formato: | Libro |
|---|---|
| Publicado: |
Tucumán :
Magna ediciones
|
| Etiquetas: |
Agregar Etiqueta
Sin Etiquetas, Sea el primero en etiquetar este registro!
|
| LEADER | 00449nam a22001455a 4500 | ||
|---|---|---|---|
| 001 | CEM.cems018747 | ||
| 005 | 20190821161410.0 | ||
| 008 | 130507b######################000#0#####d | ||
| 003 | CEMS | ||
| 020 | |a 9789871726165 | ||
| 082 | 0 | 4 | |a 338.67 |
| 245 | 0 | 0 | |a Hacia la construccion del desarrollo agropecuario y agroindustrialde la faya al noa/ |
| 260 | |a Tucumán : |b Magna ediciones | ||
| 300 | |a 336p. | ||
| 859 | |a CEMS |b BIB. CEMS - Agricultura |h 338.67 |i Al326 |p A3003.18 |t Ej.1 | ||
